| 000 | nam a22 7a 4500 | ||
|---|---|---|---|
| 999 |
_c129441 _d129441 |
||
| 008 | 190424b xxu||||| |||| 00| 0 eng d | ||
| 020 | _a0-947470-56-6 | ||
| 050 | _aBL1210.S626 | ||
| 100 |
_aSivananda, Swami _945933 |
||
| 245 |
_aPeace your birthright _c/ by Sivananda Swami |
||
| 260 |
_aDurban: _bDivine life Society of South Africa, _c1994. |
||
| 300 |
_aiii, 239p. ; _c18cm. |
||
| 650 |
_aSpritual life _xHinduism _945936 |
||
| 700 |
_eSahajanda, Swami, ed. _945937 |
||
| 942 |
_2lcc _cMONOGRAPH |
||